Katowice - quiz wielokrotnego wyboru - Statystyki

Ogólne statystyki
  • Ten quiz został rozwiązany 1 342 razy
  • Średni wynik to 7 z 10
Statystyki odpowiedzi
Zagadnienie Odpowiedź % Poprawnych
Czym jest katowicki Spodek? Areną
96%
Kto był dowódcą trzeciego powstania śląskiego? Wojciech Korfanty
81%
Który składnik najczęściej NIE znajduje się w roladzie śląskiej? Pieczarki
70%
Co oznacza skrót GKS? Górniczy Klub Sportowy
67%
Jak nazywały się Katowice w latach 1953-1956? Stalinogród
67%
Od jakiego warzywa nazwę wzięły wieżowce na Osiedlu Tysiąclecia? Kukurydzy
60%
W którym roku wybuchło pierwsze powstanie śląskie? 1919
56%
Które zdjęcie NIE przedstawia panoramy Katowic?
55%
W którym roku Katowice otrzymały prawa miejskie? 1865
54%
Która z podanych kopalni NIE znajduje/znajdowała się w Katowicach? Prezydent
47%
Nie znaleziono quizów pasujących do podanych kryteriów
Rozkład punktacji
Procent ludzi z każdym wynikiem
Percentyl według liczby udzielonych odpowiedzi
Twoja historia wyników
Nie rozwiązałeś tego quizu